Регионална библиотека "Любен Каравелов" - Русе

Граматика гръко-българска (Запис номер 155193)

MARC детайли
000 -Лидер
Контролно поле с фиксирана дължина 01341nam a2200349 c 4500
003 - Код на организацията, давaща контролен номер
Контролно поле BLK
005 - Дата и час на последна редакция
Контролно поле 20180420234211.0
008 - Елементи от данни с фиксирана дължина
fixed length control field 180410b bul|||||r ||||||| ||bul||
010 ## - Наследен системен номер
LC control number KNG00161867000
040 ## - Източник на каталожния запис
Идентификатор на билиотеката - собственик на записа BLK
041 ## - Код за език
Код за езика на текст/звукозапис или на отделно заглавие Български
Код за езика КДБФ Български
Други езици Гръцки
072 #7 - Код за тематичната категория
Код организация bullib
Код за тематична категория С
Текст Старопечатен фонд
080 ## - УДК
Текстов определител УДК Новогръцки език
УДК код - определител по УДК 811.146
УДК определител -5(075)
УДК - код + определител 811.146-5(075)
100 1# - Редна дума - Автор
Автор Велев, Филип
Авторска отговорност първи автор
R(LIN) 332737
139 ## - Редно поле
Редна дума Велев, Филип
Авторски знак Веле - В 38
245 10 - Сведения за заглавието
Заглавие Граматика гръко-българска
Подзаглавни данни Съставена и първо издадена за в полза на народните български училища от Филиппа Велиев
Редно поле (дума) Филип Велев.
257 ## - Страна на издаване
Страна на създаване/издаване България
260 ## - Област на издателските данни
-- Цариград
Година на издаване 1860
Печатница Цариград : В книгопечатницата на А. Минасоглу
300 ## - Физическа характеристика
Страници [1], [3], 104, [1]с.
Размери/Мащаб 21 см
380 ## - Жанр
Жанр Езикознание. Филология
650 #4 - Допълнително описание по предмет – тема
Основно описание – тема или топоним Гръцки език - граматика
9 (RLIN) 269817
651 #4 - Допълнително описание по предмет - топоним
Географско понятие България
9 (RLIN) 241624
653 ## - Ключова дума – ненормативна
Ключова дума гръцки език
653 ## - Ключова дума – ненормативна
Ключова дума граматика
653 ## - Ключова дума – ненормативна
Ключова дума учебници
659 ## - Тематичен бюлетин
Тематичен бюлетин С
852 ## - Местоположение
Форматна сигнатура Цб Ст 1021 * 491
856 4# - Електронен адрес и достъп
Електронен формат pdf - файл
Път до файла /url/
856 4# - Електронен адрес и достъп
Електронен формат pdf - файл
Път до файла /url/
942 ## - АРТИКУЛИ
Вид на библиотечния материал Книги
Скрит в OPAC Не
944 ## - СЪЗДАВАНЕ И РЕДАКЦИЯ на ЗАПИСА
Създаване/Редакция Създаване
Дата на регистрацията/редакция 10.06.2014
Служител, извършил регистрацията/редакцията Христина_Везирева
944 ## - СЪЗДАВАНЕ И РЕДАКЦИЯ на ЗАПИСА
Създаване/Редакция Редакция
Дата на регистрацията/редакция 10.06.2014
Служител, извършил регистрацията/редакцията
999 ## - СИСТЕМНИ КОНТРОЛНИ НОМЕРА
Koha biblionumber 155193
Koha biblioitemnumber 155193
Наличности
Код за отписване Код за изгубен артикул Източник на класификационната схема Код за повреда Коз за рестрикции Код за отдаване Артикулен № Име на библиотеката - собственик Име на библиотеката, в която се намира в момента Статус (Текущо местоположение) Дата на вписване в системата Местоположение - отдел Цена в лева Инвентарен номер Систематично азбучна сигнатура Баркод Номер на екземпляра Цена в евро Служебна бележка Служебен тип на артикула
  Не е изгубен Universal Decimal Classification Не е повреден само за читалня Специални фондове ( старопечатни, редки и ценни, фонд М. Арнаудов) 260216 Регионална библиотека "Любен Каравелов" Русе Регионална библиотека "Любен Каравелов" Русе Старопечатен фонд 1860-01-01 Старопечатен фонд 0.87 13622/58-ст Цб Ст 1021 * 491 900000000126 1 0.44 Дост: DA Вид: Сф Дата: 01.01.1860 Дата инв: 30.03.2018 Бележки инв: СТ2018 Книги
Vip Innovations Ltd, Rousse, Bulgaria 2025